Normal view
MARC view
- Puig Casauranc, J. M.
Entry Nombre Personal
001 - NUMERO DE CONTROL
- campo de control: 39309
003 - IDENTIFICADOR DE NUMERO DE CONTROL
- campo de control: DLC
005 - FECHA Y HORA DE LA ÜLTIMA TRANSACCIÓN
- campo de control: 20240417100441.0
008 - DATOS DE LONGITUD FIJA
- campo de control de longitud fija: 870325n| acannaabn |a aaa c
010 ## - NÚMERO DE CONTROL DE LA BIBLIOTECA DEL CONGRESO
- Número de control LC: n 86023766
035 ## - NUMERO DE CONTROL
- Número de control: (OCoLC)oca01817068
040 ## - FUENTE DE CATALOGACIÓN
- Agencia original de catalogación: NjP
- Lenguaje de catalogación: spa
- Agencia de transcripción: DLC
- Agencia que lo modifica: DLC
- Agencia que lo modifica: NmU
- Agencia que lo modifica: OCoLC
- Agencia que lo modifica: MX-MxUPN
053 #0 - NÚMERO DE CLASIFICACIÓN LC
- Número de clasificación elemento-número único o número inicial de tramo: PQ7297.P85
100 1# - ENCABEZAMIENTO - NOMBRE PERSONAL
- Nombre personal: Puig Casauranc, J. M.
- Fuller form of name: (José Manuel),
- Fechas asociadas con el nombre: 1888-1939
400 1# - VEÁSE - NOMBRE DE PERSONA
- Personal name: Puig Casauranc, José Manuel,
- Dates associated with a name: 1888-1939
670 ## - FUENTE EN LA QUE SE LOCALIZARON DATOS
- Cita de la fuente: Aspiración suprema de la Revolución mexicana, 1933:
- Información localizada: portada (J.M. Puig Casauranc)
670 ## - FUENTE EN LA QUE SE LOCALIZARON DATOS
- Cita de la fuente: LC in RLIN, 3-6-87
- Información localizada: (MLC hdg.: Puig Casauranc, José Manuel, 1888-1939; MLC usage: J.M. Puig Casauranc)
670 ## - FUENTE EN LA QUE SE LOCALIZARON DATOS
- Cita de la fuente: La cuestión religiosa en relación con la educación pública en México, 1928:
- Información localizada: portada (J.M. Puig Casauranc)
902 ## - CATALOGADOR
- Catalogador: Víctor Ruiz/170424
